000 00497nam a2200181 a 4500
005 20140412111249.0
008 020515s19uu xx 00 eng d
020 _a1-57082-234-4
050 _aER
_bPo78i 1995
100 _aParent, Nancy
245 _aPooh: I see the sun /
_cwritten by Nancy Parent.
260 _a[s.l.] :
_bDisney Enterprises, Inc,
_c1995.
300 _a1 v. (unp.) ; ill.
440 _aPooh
650 _aSun
_xFiction
650 _aPooh stories
_xFiction
999 _c103076
_d103076